Online
Catalog

Cuba, 1959 : (Record no. 22066)

MARC details
000 -CABECERA
campo de control de longitud fija 00792nam a2200217 a 4500
001 - NÚMERO DE CONTROL
campo de control 000022569
005 - FECHA Y HORA DE LA ÚLTIMA TRANSACCIÓN
campo de control 20200930021659.0
008 - DATOS DE LONGITUD FIJA--INFORMACIÓN GENERAL
campo de control de longitud fija 101013s2006 xxua 000 m spa d
040 ## - FUENTE DE LA CATALOGACIÓN
Centro catalogador/agencia de origen DO-SdBNP
Lengua de catalogación spa
Centro/agencia transcriptor BNPHU
082 ## - NÚMERO DE LA CLASIFICACIÓN DECIMAL DEWEY
Número de clasificación 972.91064
Número de documento/Ítem A797g
049 ## - FONDOS LOCALES (OCLC)
Fondos de biblioteca BNPD
100 1# - ENTRADA PRINCIPAL--NOMBRE DE PERSONA
Nombre de persona Arzuaga, Javier,
9 (RLIN) 46452
245 10 - MENCIÓN DE TÍTULO
Título Cuba, 1959 :
Resto del título la galera de la muerte /
Mención de responsabilidad, etc. Javier Arzuaga; prólogo Andrés Candelario, edición, José Rivero García.
260 ## - PUBLICACIÓN, DISTRIBUCIÓN, ETC.
Lugar de publicación, distribución, etc. Miami, (Estados Unidos) :
Nombre del editor, distribuidor, etc. Editorial Carta de Cuba,
Fecha de publicación, distribución, etc. 2006.
300 ## - DESCRIPCIÓN FÍSICA
Extensión 143 p. :
Otras características físicas il. ;
Dimensiones 22 cm.
500 ## - NOTA GENERAL
Nota general Incluye notas al pie de las páginas.
651 #4 - PUNTO DE ACCESO ADICIONAL DE MATERIA--NOMBRE GEOGRÁFICO
Nombre geográfico Cuba
Subdivisión general Historia
9 (RLIN) 493
650 #4 - PUNTO DE ACCESO ADICIONAL DE MATERIA--TÉRMINO DE MATERIA
Término de materia o nombre geográfico como elemento de entrada La violencia política
Subdivisión geográfica Cuba
9 (RLIN) 46453
651 #4 - PUNTO DE ACCESO ADICIONAL DE MATERIA--NOMBRE GEOGRÁFICO
Nombre geográfico Cuba
Subdivisión general Política Y Gobierno
Subdivisión cronológica 1959-1990
9 (RLIN) 5620
700 1# - PUNTO DE ACCESO ADICIONAL--NOMBRE DE PERSONA
Nombre de persona Candelario, Andrés,
Término indicativo de función/relación pról.
9 (RLIN) 46454
Holdings
Estado de retiro Estado de pérdida Restricciones de uso No para préstamo Código de colección Localización permanente Ubicación/localización actual Ubicación en estantería Fecha de adquisición Número de inventario Total de préstamos Signatura topográfica completa Código de barras Fecha visto por última vez Precio válido a partir de Tipo de ítem Koha
        Monografías: Libros y Folletos General General En catalogación 13.10.2010 LF1   972.91064 A797g 22569-10 25.06.2020 25.06.2020 Préstamo en sala

Powered by Koha